Music Quiz

Random Music or Kpop Quiz
Score 0/33 Timer 15:00
0 Plays Today
% Correct
Jungkook
99.4%
Irene
99.4%
IU
99.4%
Tzuyu
98.3%
D.O
98.3%
Jackson
97.8%
Eunwoo
97.2%
Minho
97.2%
Nayeon
97.2%
PSY
97.2%
Jinyoung
96.7%
Chen
96.7%
Lia
96.1%
Yeji
95.6%
Somi
95.6%
Nancy
95%
Chaeryeong
94.5%
% Correct
Yoona
93.4%
B.I
93.4%
Shuhua
89.5%
Seungmin
88.4%
Aisha
86.2%
Chan
86.2%
Naeun
86.2%
Rowoon
84.5%
Yuri
84%
Yiren
83.4%
Seolhyun
82.9%
Yerin
81.8%
L
79%
Changmin & Yunho
78.5%
Seungwoo
68.1%
Sohee
47%
Remove Ads.
Support Sporcle.
Get the best of Sporcle when you Go Orange. This ad-free experience offers more features, more stats, and more fun while also helping to support Sporcle. Thank you for becoming a member.

You're not logged in!

Compare scores with friends on all Sporcle quizzes.
OR
Log In

Sporcle TV

Today on Sporcle TV


Watch our educational content, quiz creation guides, and fun videos on Sporcle TV.

Show Comments

Extras

Top Quizzes Today


Score Distribution

Paid Content

Your Account Isn't Verified!

In order to create a playlist on Sporcle, you need to verify the email address you used during registration. Go to your Sporcle Settings to finish the process.

Report this User

Report this user for behavior that violates our Community Guidelines.

Details: